00320nam a2200121Ia 4500008004100000020001500041041001200056100001400068245005300082260003900135300000800174650001600182221030s9999 xx 000 0 und d a8131760772 aEnglish aS. Kandar 0aAutomata Theory & formal Languagescby S. Kandar bPearson EdcuationaNew Delhic2012 a360 aBE Computer